El desdén con el desdén
Bewaard in:
| Hoofdauteur: | |
|---|---|
| Formaat: | Boek |
| Taal: | Spaans |
| Gepubliceerd in: |
Buenos Aires
Molino
1900
|
| Reeks: | Colección Literatura Clásica
|
| Onderwerpen: | |
| Tags: |
Voeg label toe
Geen labels, Wees de eerste die dit record labelt!
|
MARC
| LEADER | 00000nam a2200000 a 4500 | ||
|---|---|---|---|
| 001 | UCZ3363 | ||
| 003 | CL-VaPUC | ||
| 008 | 951020e19000000AG |||||||||||||||||spa|d | ||
| 082 | 0 | 4 | |a 862 |b MOR |2 21 |
| 100 | |a Moreto y Cabaña, Agustín |e autor |9 321560 | ||
| 245 | 1 | 3 | |a El desdén con el desdén |
| 246 | 1 | 3 | |a El lindo don Diego |
| 246 | 1 | 0 | |a De fuera vendrá |
| 300 | |a 223 p | ||
| 942 | |c BK | ||
| 945 | |d 19951020 00:00:00 |a cmena | ||
| 260 | |a Buenos Aires |b Molino |c 1900 | ||
| 650 | 0 | |a Dramas españoles |9 267081 | |
| 650 | 7 | |a COMEDIAS ESPAÑOLAS |2 CL-VaPUC |9 347153 | |
| 650 | 0 | |a Literatura española |9 306261 | |
| 583 | |a last modification |c 19951020 00:00:00 |k Rodrigo Vera | ||
| 490 | 0 | |a Colección Literatura Clásica | |
| 999 | |c 239844 |d 239842 | ||
| 952 | |0 0 |1 0 |4 0 |6 862_000000000000000_MOR_1900 |7 0 |8 P |9 251282 |a BIBEDU |b BIBEDU |c BIBEDU_PB |d 2019-11-18 |i 1586742 |l 1 |m 1 |o 862 MOR 1900 |p 1586742 |r 2025-03-27 |s 2025-03-18 |w 2019-11-18 |y BK |k FIL | ||